Two letter Scrabble words - Statistics

General Stats
  • This quiz has been taken 39 times
  • The average score is 52 of 107
Answer Stats
Answer % Correct
AE
88%
AI
88%
AN
88%
AA
85%
AB
85%
AD
85%
AH
85%
AM
85%
AW
85%
BI
85%
DO
85%
AG
81%
AL
81%
AS
81%
AT
81%
AX
81%
AY
81%
BA
81%
AR
77%
BE
77%
BO
77%
DA
73%
DE
73%
EL
69%
EM
69%
EN
69%
GO
69%
ET
65%
ON
65%
ER
62%
ES
62%
EW
62%
HE
62%
TO
62%
ED
58%
EF
58%
EH
58%
EX
58%
FA
58%
FE
58%
IT
58%
NO
58%
BY
54%
OF
54%
HI
50%
HO
50%
IN
50%
LO
50%
MO
50%
HA
46%
ME
46%
MI
46%
IF
42%
IS
42%
NA
42%
OP
42%
OR
42%
SO
42%
TI
42%
GI
38%
JO
38%
LA
38%
NU
38%
OE
38%
PO
38%
TA
38%
ID
35%
MA
35%
OS
35%
PA
35%
TE
35%
YO
35%
KA
31%
KI
31%
LI
31%
MY
31%
OD
31%
OH
31%
OK
31%
PE
31%
QI
31%
SI
31%
UN
31%
UT
31%
MU
27%
NE
27%
OM
27%
OW
27%
OX
27%
PI
27%
RE
27%
WE
27%
WO
27%
ZA
27%
HM
23%
OI
23%
OY
23%
XI
23%
YE
23%
UH
19%
UM
19%
YA
19%
MM
15%
UP
15%
US
15%
XU
12%
SH
8%
No matching quizzes found
Score Distribution
Percent of People with Each Score
Percentile by Number Answered
Your Score History
You have not taken this quiz